000 00462cam a2200169 4500
008 120322n 000 0 eng u
020 _a9781852248031 (pbk.)
035 _a(Sirsi) a175744
040 _a
050 _aPR 9540.9 ALV 2008
100 _aAlvi, Moniza.
245 _aEuropa /
_cby Moniza Alvi.
260 _aTarset, [England] :
_bBloodaxe,
_c2008.
300 _a63 p.
650 _aRape --Poetry.
650 _aEuropa (Greek mythology) --Poetry.
999 _c117379
_d117379